000
00271nam a2200121Ia 4500
005
20251222142026.0
008
251222s9999||||xx |||||||||||||| ||spa||
082
_a
828.9/W21
100
_a
"Wallace, Edgar"
245
0
_a
El geroglífico
250
_a
2a.ed.
942
_c
LIB
999
_c
10808
_d
10808